Wuest's word studies; vol. 7. (Record no. 1707)

000 -LEADER
fixed length control field 00575nam a2200181 a 4500
001 - CONTROL NUMBER
control field :::00017931$&:&@@
003 - CONTROL NUMBER IDENTIFIER
control field OkBaRHE
005 - DATE AND TIME OF LATEST TRANSACTION
control field 20100327121223.0
008 - FIXED-LENGTH DATA ELEMENTS--GENERAL INFORMATION
fixed length control field s1940 j 000 0 eng u
040 ## - CATALOGING SOURCE
Transcribing agency
100 1# - MAIN ENTRY--PERSONAL NAME
Personal name Wuest, Kenneth S.
245 10 - TITLE STATEMENT
Title Wuest's word studies; vol. 7.
260 ## - PUBLICATION, DISTRIBUTION, ETC. (IMPRINT)
Place of publication, distribution, etc Grand Rapids, MI., :
Name of publisher, distributor, etc Eerdmans Publishing House
Date of publication, distribution, etc 1940
300 ## - PHYSICAL DESCRIPTION
Extent v. (1-12) ;
Dimensions 20 cm.
650 ## - SUBJECT ADDED ENTRY--TOPICAL TERM
Topical term or geographic name as entry element Bible New Testament
General subdivision Word Studies
942 ## - ADDED ENTRY ELEMENTS (KOHA)
Source of classification or shelving scheme
Koha item type Books
Copies
Koha item type Lost status Withdrawn status Shelving location Date last seen Collection code Date acquired Not for loan Full call number Permanent Location Price effective from Barcode Damaged status Copy number Source of classification or shelving scheme
Books  General Stacks2018-03-16Reference2010-04-14 BS 2333.2 .W8RHEMA Bible Training College2010-04-1417931 1